Effect of duration of weed competition on chilli pepper (capsicumannunm) yield at royal university of agriculture,(ឥទ្ធិពលថេរវេលានៃការប្រណំាងប្រជែងរបស់ស្មៅចង្រៃលើទិន្នផលម្ទេសដៃនាងនៅក្នុងសាកលវិទ្យាល័យភូមិន្ទកសិកម្ម) (Record no. 660)

000 -LEADER
fixed length control field 00767nam a22001577a 4500
003 - CONTROL NUMBER IDENTIFIER
control field OSt
005 - DATE AND TIME OF LATEST TRANSACTION
control field 20150917150926.0
008 - FIXED-LENGTH DATA ELEMENTS--GENERAL INFORMATION
fixed length control field 150917b xxu||||| |||| 00| 0 eng d
040 ## - CATALOGING SOURCE
Transcribing agency RUA
082 ## - DEWEY DECIMAL CLASSIFICATION NUMBER
Classification number AGR UM 2005 B032 Or.1
100 ## - MAIN ENTRY--PERSONAL NAME
9 (RLIN) 685
Personal name UM BOPHA
245 ## - TITLE STATEMENT
Title Effect of duration of weed competition on chilli pepper (capsicumannunm) yield at royal university of agriculture,(ឥទ្ធិពលថេរវេលានៃការប្រណំាងប្រជែងរបស់ស្មៅចង្រៃលើទិន្នផលម្ទេសដៃនាងនៅក្នុងសាកលវិទ្យាល័យភូមិន្ទកសិកម្ម)
260 ## - PUBLICATION, DISTRIBUTION, ETC. (IMPRINT)
Place of publication, distribution, etc. phnom penh
Name of publisher, distributor, etc. RUA
Date of publication, distribution, etc. 2005
300 ## - PHYSICAL DESCRIPTION
Extent xiii,57p.
Dimensions ill.
Size of unit 29cm.
942 ## - ADDED ENTRY ELEMENTS (KOHA)
Source of classification or shelving scheme
Koha item type AGR
Holdings
Price effective from Date last seen Permanent Location Not for loan Date acquired Source of classification or shelving scheme Koha item type Lost status Withdrawn status Date last checked out Total Checkouts Shelving location Damaged status Barcode Current Location Full call number
2015-09-172024-11-26Library Block B 2015-09-17 AGR  2024-11-048B032 RUA001511Library Block BAGR UM 2005 B032 Or.1
មជ្ឈមណ្ឌលឯការនៃសាកលវិទ្យាល័យភូមិន្ទកសិកម្មចំការដូង

Powered by Koha